| 000 | nam a22 7a 4500 | ||
|---|---|---|---|
| 999 |
_c233279 _d233279 |
||
| 003 | Nust | ||
| 005 | 20170306122520.0 | ||
| 008 | 170306b xxu||||| |||| 00| 0 eng d | ||
| 040 | _c0 | ||
| 082 | _a823.914 | ||
| 100 | _4Bapsi Sidhwa | ||
| 245 |
_aWater _bbased on a film by Deepa Mehta _cBapsi Sidhwa |
||
| 260 |
_aLahore _bIlqa publications _c2013 |
||
| 300 | _a170p | ||
| 942 |
_2ddc _cBK |
||